| 000 | 00470nam a22001577a 4500 | ||
|---|---|---|---|
| 005 | 20251113120646.0 | ||
| 008 | 251113b |||||||| |||| 00| 0 eng d | ||
| 020 | _a979-8-88715-002-4 | ||
| 100 | _aWILLIAMS, LUCY | ||
| 245 | _aBIOFUEL CROPS AND RENEWABLE ENERGY | ||
| 260 |
_aDUBLIN _bORYSON PRESS _c2023 |
||
| 300 | _aXI, 310P. | ||
| 500 | _aINCLUDES INDEX | ||
| 650 | _a1. BIOMASS ENERGY 2. BIOFUELS 3, ENERGY CROPS 4. RENEWABLE ENNERGY SOURCES | ||
| 942 |
_2lcc _cBK |
||
| 999 |
_c216183 _d216183 |
||